Egipska imigracja według państw - Statystyki

Ogólne statystyki
  • Ten quiz został rozwiązany 92 razy
  • Średni wynik to 13 z 20
Statystyki odpowiedzi
Ludzie Państwo % Poprawnych
5 339 Libia
89%
67 802 Sudan
89%
8 486 Arabia Saudyjska
80%
23 874 Irak
77%
130 981 Syria
77%
7 455 Stany Zjednoczone
76%
9 566 Jemen
72%
5 449 Jordania
72%
3 357 Wielka Brytania
72%
20 641 Sudan Południowy
68%
16 512 Etiopia
67%
7 887 Niemcy
64%
7 992 Rosja
64%
4 582 Włochy
63%
18 584 Erytrea
59%
23 297 Somalia
57%
3 376 Kuwejt
48%
160 204 Palestyna
35%
3 309 Indonezja
31%
3 292 Malezja
19%
Nie znaleziono quizów pasujących do podanych kryteriów
Rozkład punktacji
Procent ludzi z każdym wynikiem
Percentyl według liczby udzielonych odpowiedzi
Twoja historia wyników
Nie rozwiązałeś tego quizu